| 000 | 00713cam a2200241 i 4500 | ||
|---|---|---|---|
| 999 |
_c200442921 _d61133 |
||
| 003 | TR-AnTOB | ||
| 005 | 20230417170932.0 | ||
| 007 | ta | ||
| 008 | 210813b ||||| |||| 00| 0 tur d | ||
| 020 | _a9786059170284 | ||
| 040 |
_aTR-AnTOB _beng _cTR-AnTOB _erda _dTR-AnTOB |
||
| 041 | 0 | _atur | |
| 060 |
_aQV 738 _b.A835 2016 |
||
| 096 |
_aQV738 _b.A835 2016 |
||
| 245 |
_aYaşlılarda Antibiyotik Kullanımı _cDoç.Dr. Sabri Atalay, Doç.Dr. Şükran Köse |
||
| 264 | 1 |
_aİzmir : _bEGEUS yayınları, _c2016. |
|
| 300 |
_a55 pages : _btables ; |
||
| 336 |
_2rdacontent _atext _btxt |
||
| 337 |
_2rdamedia _aunmediated _bn |
||
| 338 |
_2rdacarrier _avolume _bnc |
||
| 942 |
_2NLM _cBK |
||